000 00289nam a2200121Ia 4500
008 190216s9999||||xx |||||||||||||| ||und||
100 _aEliot T S
245 4 _aThe Waste Land And Other Poems
260 _bFaber And Faber
_c1962
300 _a79p
650 _aEnglish Poetry
942 _cBK
999 _c12104
_d12104